Welcome to the Holygrace Academy Library

Please use search bar below to get started

THE ASSOCIATE: WHAT TO DO WHEN SOMEONE DIES:DEATH OR GLORY: WE ARE ALL MADE OF GLUE (Record no. 3340)

MARC details
000 -LEADER
fixed length control field 00451nam a22001697a 4500
020 ## - INTERNATIONAL STANDARD BOOK NUMBER
ISBN 978-0-276-44436-4
082 ## - DEWEY DECIMAL CLASSIFICATION NUMBER
Classification number 823
Item number REA/S
100 ## - MAIN ENTRY--AUTHOR NAME
Personal name GRISHAM,JOHN
100 ## - MAIN ENTRY--AUTHOR NAME
Personal name FRENCH,NICCI
100 ## - MAIN ENTRY--AUTHOR NAME
Personal name ASHER, MICHAEL
100 ## - MAIN ENTRY--AUTHOR NAME
Personal name LEWYCKA,MARINA
245 ## - TITLE STATEMENT
Title THE ASSOCIATE: WHAT TO DO WHEN SOMEONE DIES:DEATH OR GLORY: WE ARE ALL MADE OF GLUE
260 ## - PUBLICATION, DISTRIBUTION, ETC. (IMPRINT)
Place of publication LONDON
Name of publisher READER'S DIGEST
300 ## - PHYSICAL DESCRIPTION
Number of Pages 573
650 ## - SUBJECT ADDED ENTRY--TOPICAL TERM
Topical Term ENGLISH NOVEL
Geographic subdivision LONDON
942 ## - ADDED ENTRY ELEMENTS (KOHA)
Koha item type Books
Holdings
Withdrawn status Lost status Collection code Home library Current library Shelving location Date acquired Source of acquisition Full call number Accession Number Koha item type
    Fiction Main Library Main Library SHELF 2-J-ENGLISH NOVELS FOR TEACHERS 12/10/2012 PURCHASE 823 REA/S 07115 Books